| 000 | 01103nam1a22002891 4500 | ||
|---|---|---|---|
| 001 | rc\3018672 | ||
| 005 | 20250807190154.0 | ||
| 035 | _a(NLR Aleph) 007160881 | ||
| 090 |
_a88729 _c88729 |
||
| 100 | _a20041028d1941 u y0rusy50 ca | ||
| 101 | 0 | _arus | |
| 102 | _aRU | ||
| 105 | _ay z ||||y | ||
| 200 | 1 |
_aИстория искусства Древнего Востока _eВ 2 томах. _fПод общей ред. проф. Н.Д. Флиттнер _gГос. Эрмитаж |
|
| 210 |
_aЛенинград _cБ. и. _d1941 |
||
| 215 | _d30 см | ||
| 702 | 1 |
_aФлиттнер _bН.Д. _f1879-1957 _gНаталья Давидовна _4340 |
|
| 712 | 0 | 2 |
_aЭрмитаж _cЛенинград _3RU\NLR\AUTH\883314 _4570 |
| 801 | 0 |
_aRU _bNLR _gpsbo |
|
| 801 | 1 |
_aRU _bELAR _2rusmarc |
|
| 852 |
_aNLR _jИс10 Г-7/1(1-2) |
||
| 852 |
_aNLR _bМф _jК1/7449(1) |
||
| 942 | _cBOOK | ||
| 945 |
_aРоссийская национальная библиотека _aЦентральная городская библиотека Нижнего Новгорода |
||
| 980 | _aBV | ||
| 980 | _aNB | ||